01011nam a2200229Ia 450000500170000000800410001702000150005808200200007311000410009324501280013425000200026230000580028260000810034061000710042165000590049265000600055126400470061133600270065833700330068533800280071804000350074620220317001239.0160825s2004 ck g 000 0 spa  a958664143004aR 708.074bB15l2 aBanco de la República. Bucaramanga10aLuis Ernesto Parra,orfebre de sueños realescBanco de la República de Bucaramanga, Museo de Arte Moderno de Bucaramanga a19a. edición  a20 páginas bilustraciones, retratos, fotosc21 cm 14aParra, Luis Ernestod1926-vExposicionesvCatálogosxTrabajos pictóricos2 aBanco de la República (Bucaramanga)vExposiciones vCatálogos 142LEMBaPintores ColombianosvExposicionesvCatálogos 142LEMB aArtistas colombianosvExposicionesvCatálogos  aBucaramangabBanco de la Repúblicac2004 atextobtxt2rdacontent asin mediaciónbn2rdamedia avolumenbnc2rdacarrier aCO-BoRNBPbspaerdacCO-BoRNBP